Linear algebra

Saved in:
Bibliographic Details
Main Author: Kaye, Richard (Richard W.)
Other Authors: Wilson, Robert 1958-
Format: Book
Language:English
Published: Oxford ; New York : Oxford University Press, 1998
Subjects:
Tags: Add Tag
No Tags, Be the first to tag this record!

MARC

LEADER 00000nam a2200000 i 4500
001 1/53154
008 070830s1998 eng d
020 |a 0-19-850238-9 
035 |l 10090209 
040 |a GR-MY-UA  |b gre  |e aacr 
041 0 |a eng 
082 0 |a 512.5  |2 (22) 
100 1 |a Kaye, Richard  |q (Richard W.) 
245 1 0 |a Linear algebra /  |c Richard Kaye and Robert Wilson 
260 |a Oxford ; New York :   |b Oxford University Press,   |c 1998 
300 |a xi, 230 σ.;  |c 25 εκ. 
504 |a Περιλαμβάνει ευρετήριο 
650 0 0 |a Algebras, Linear. 
700 1 |a Wilson, Robert  |d 1958- 
852 |a INST  |b SAMOS  |e 20070830  |h 512.5 KAY  |p 005300028392  |q 005300028392  |t BK  |y 0 
901 |a BIBL3-2007-2 
909 |a Σ  |b 136761 
922 |a 3ΕΛΗ  |b 200707  |c ΕΠΕΑΕΚ2/ΤΜΗΜΑ ΜΑΘΗΜΑΤΙΚΩΝ  |d ΕΛΕΥΘΕΡΟΥΔΑΚΗΣ 
970 |a ΣΙΤΖΙΜΗ  |b ΓΙΑΣΕΜΗ  |z 2007/08/30